000 01087pam a2200325 a 4500
001 3503777
003 OSt
005 20140310182130.0
008 950103s1994 nyu b 001 0 eng
010 _a 95000736
020 _a9780452011564
040 _aDLC
_cDLC
_dDLC
043 _ae-gx---
_aa-ja---
050 0 0 _aD 804.G4
_b.B78 1994
082 0 0 _aHS 940.54
_bB78 1994
100 1 _aBuruma, Ian.
_914649
245 1 4 _aThe wages of guilt :
_bmemories of war in Germany and Japan /
_cIan Buruma.
260 _aNew York :
_bMeridian Book,
_cc1994.
300 _a330 p. ;
_c20 cm.
504 _aIncludes bibliographical references and index.
541 _j1
562 _e1
650 0 _aWorld War, 1939-1945
_xAtrocities.
_914650
650 0 _aWorld War, 1939-1945
_zGermany.
_914651
650 0 _aWorld War, 1939-1945
_zJapan.
_914652
650 0 _aGuilt.
_914653
906 _a7
_bcbc
_corignew
_d1
_eocip
_f19
_gy-gencatlg
942 _2lcc
_cHS
999 _c9681
_d9681